III Congreso de la Asociación de Archiveros de Andalucía : sistemas de información : el archivo, gestión integrada y de calidad sistemas de información :
Descripción Física:
349 p. ; 28 cm
Materias:
Arxivística -- Congressos
MARC
| LEADER | 00000nam a2200000Ia 4500 | ||
|---|---|---|---|
| 001 | 12831 | ||
| 003 | BGR | ||
| 005 | 20260324175231.0 | ||
| 008 | 160829s1999 xx 000 0 cat d | ||
| 080 | |a A-1-5 | ||
| 111 | |9 70369 |a Congreso de la Asociación de Archiveros de Andalucía |c (Còrdova : |d 1998, 5-6 nov) | ||
| 245 | |a III Congreso de la Asociación de Archiveros de Andalucía : |b sistemas de información : |b el archivo, gestión integrada y de calidad | ||
| 260 | |a Córdoba : |b Asociación de Archiveros de Andalucía, |c 1999 | ||
| 300 | |a 349 p. ; |c 28 cm | ||
| 490 | |a Revista de la Asociación de Archiveros de Andalucía. TRIA ; 6 | ||
| 650 | 0 | |a Arxivística |x Congressos |9 24826 | |
| 710 | 2 | |9 70370 |a Asociación de Archiveros de Andalucía | |
| 901 | |a Arxiu | ||
| 942 | |n 1 |2 udc |c MON | ||
| 952 | |0 0 |1 0 |4 0 |6 A15 |7 1 |9 42183 |a Arxiu |b Arxiu |d 2016-12-01 |l 0 |o A-1-5 |p 12831 |r 2016-12-01 00:00:00 |w 2016-12-01 |y ARXIU | ||
| 999 | |c 44630 |d 44630 | ||